Statistics for Top 10 Atlanta Braves of All-Time

Click here to take the quiz!

General Stats

  • This quiz has been taken 2,038 times
  • The average score is 7 of 10

Answer Stats

WAR Years Position Answer % Correct
84.81993-20123BChipper Jones
97%
72.91993-2003PGreg Maddux
94%
136.01954-1974OFHank Aaron
93%
64.31996-2007OFAndruw Jones
93%
78.21988-2008PJohn Smoltz
91%
54.71987-2002, 2008PTom Glavine
88%
94.31952-19673BEddie Mathews
49%
74.31942-1965PWarren Spahn
48%
72.61964-1983PPhil Niekro
44%
72.81890-1901PKid Nichols
10%

Score Distribution

Percentile by Number Answered

Percent of People with Each Score

Your Score History

You have not taken this quiz